| 000 | 00472nam a2200157Ia 4500 | ||
|---|---|---|---|
| 008 | 210716s2013 xx 000 0 und d | ||
| 020 | _a9781259063756 | ||
| 041 | _aeng | ||
| 082 | _a374.22 SHAV | ||
| 100 | _aSharma, Vinod;Verhulst, Hans. | ||
| 245 |
_aValue magics: a roadmap from cost to value. _bRoadmap from cost to value. |
||
| 250 | _a1 | ||
| 260 |
_aNew Delhi _bTata McGraw Hill Publishing Company Ltd _c2013 |
||
| 300 | _aix,165 | ||
| 650 | _aGeneral Management | ||
| 999 |
_c209373 _d209373 |
||